[Event "15PCR_PF5"]
[Site "?"]
[Date "2004.??.??"]
[Round "?"]
[White "Bernard, Roman"]
[Black "Jakimic, Viktor"]
[Result "0-1"]
[WhiteElo "2000"]
[BlackElo "2110"]
[PlyCount "34"]
[EventDate "2004.??.??"]
[SourceDate "2005.03.08"]

1. e4 c5 2. Nf3 Nc6 3. d4 cxd4 4. Nxd4 g6 5. Nc3 Bg7 6. Be3 Nf6 7. Nxc6 bxc6 8.
e5 Ng8 9. f4 f6 10. e6 d5 11. f5 Qd6 12. Bd3 Qe5 13. Qe2 gxf5 14. O-O f4 15.
Rxf4 Bh6 16. Rf3 d4 17. Bxh6 Nxh6 {Bernard vystoupil!} 0-1

[Event "15PCR_PF5"]
[Site "?"]
[Date "2004.??.??"]
[Round "?"]
[White "Bernard, Roman"]
[Black "Kuta, Jiri"]
[Result "0-1"]
[WhiteElo "2000"]
[BlackElo "2322"]
[PlyCount "46"]
[EventDate "2004.??.??"]
[SourceDate "2005.03.08"]

1. e4 c5 2. Nf3 Nc6 3. d4 cxd4 4. Nxd4 Nf6 5. Nc3 e5 6. Ndb5 d6 7. Nd5 Nxd5 8.
exd5 Nb8 9. c4 a6 10. Nc3 Be7 11. Bd3 O-O 12. O-O f5 13. Qh5 g6 14. Qh3 Nd7 15.
Bh6 Rf7 16. Be2 Nf6 17. Qf3 f4 18. h3 Kh8 19. Bg5 Bf5 20. Rfe1 Qb6 21. b3 Nd7
22. Bxe7 Rxe7 23. Bd3 Rg8 {Bernard vystoupil!} 0-1

[Event "15PCR_PF5"]
[Site "?"]
[Date "2004.??.??"]
[Round "?"]
[White "Bernard, Roman"]
[Black "Postl, Rostislav"]
[Result "0-1"]
[WhiteElo "2000"]
[BlackElo "2309"]
[PlyCount "42"]
[EventDate "2004.??.??"]
[SourceDate "2005.03.08"]

1. e4 c5 2. Nf3 d6 3. d4 cxd4 4. Nxd4 Nf6 5. Nc3 e6 6. Be3 Be7 7. Qf3 O-O 8.
O-O-O Nc6 9. Be2 Nxd4 10. Bxd4 Qa5 11. Qg3 e5 12. Be3 Kh8 13. a3 Be6 14. Bd2
Rac8 15. Bd3 Nd7 16. Nd5 Qd8 17. Nxe7 Qxe7 18. Bb4 Nc5 19. Bxc5 dxc5 20. Qxe5
c4 21. Bxc4 Bxc4 {Bernard vystoupil!} 0-1

[Event "15PCR_PF5"]
[Site "?"]
[Date "2004.??.??"]
[Round "?"]
[White "Bernard, Roman"]
[Black "Rychtecky, Pavel"]
[Result "0-1"]
[WhiteElo "2000"]
[BlackElo "2201"]
[PlyCount "24"]
[EventDate "2004.??.??"]
[SourceDate "2005.03.08"]

{Bernard vystoupil!} 1. e4 c5 2. Nf3 Nc6 3. d4 cxd4 4. Nxd4 Nf6 5. Nc3 e5 6.
Ndb5 d6 7. Nd5 Nxd5 8. exd5 Nb8 9. Qf3 a6 10. Qa3 Be7 11. Bg5 Bf5 12. Bxe7 Kxe7
0-1

[Event "15PCR_PF5"]
[Site "?"]
[Date "2004.??.??"]
[Round "?"]
[White "Bernard, Roman"]
[Black "Trs, Jan"]
[Result "0-1"]
[WhiteElo "2000"]
[BlackElo "2145"]
[PlyCount "28"]
[EventDate "2004.??.??"]
[SourceDate "2005.03.08"]

1. e4 c5 2. Nf3 Nc6 3. d4 cxd4 4. Nxd4 Nf6 5. Nc3 d6 6. Bc4 e6 7. O-O Be7 8.
Qd3 Bd7 9. Nxc6 Bxc6 10. Bf4 O-O 11. Rad1 Qa5 12. Rfe1 Rfe8 13. Bb3 Rad8 14.
Qe2 a6 {Bernard vystoupil!} 0-1

[Event "15PCR_PF5"]
[Site "?"]
[Date "2004.??.??"]
[Round "?"]
[White "Bernard, Roman"]
[Black "Valenta, Josef"]
[Result "0-1"]
[WhiteElo "2000"]
[BlackElo "2110"]
[PlyCount "32"]
[EventDate "2004.??.??"]
[SourceDate "2005.03.08"]

1. e4 e5 2. Nf3 Nf6 3. Nxe5 d6 4. Nf3 Nxe4 5. d4 d5 6. Bd3 Be7 7. Nbd2 Nd6 8.
O-O Bf5 9. Bxf5 Nxf5 10. Re1 O-O 11. Nb3 Re8 12. Qd3 Qd7 13. Nc5 Bxc5 14. Rxe8+
Qxe8 15. Qxf5 Bxd4 16. Bd2 Nc6 {Bernard vystoupil!} 0-1

[Event "15PCR_PF5"]
[Site "?"]
[Date "2004.??.??"]
[Round "?"]
[White "Jakimic, Viktor"]
[Black "Bernard, Roman"]
[Result "1-0"]
[WhiteElo "2110"]
[BlackElo "2000"]
[PlyCount "33"]
[EventDate "2004.??.??"]
[SourceDate "2005.03.08"]

1. d4 d5 2. c4 dxc4 3. Nf3 Nf6 4. e3 e6 5. Bxc4 c5 6. O-O Nbd7 7. Nc3 a6 8.
dxc5 Bxc5 9. a3 Qc7 10. Be2 O-O 11. Bd2 b5 12. Rc1 Qb8 13. e4 Bd6 14. Bg5 h6
15. Bh4 Bb7 16. Bg3 Bxg3 17. hxg3 {Bernard vystoupil!} 1-0

[Event "15PCR_PF5"]
[Site "?"]
[Date "2004.??.??"]
[Round "?"]
[White "Jakimic, Viktor"]
[Black "Kuta, Jiri"]
[Result "0-1"]
[WhiteElo "2110"]
[BlackElo "2322"]
[PlyCount "68"]
[EventDate "2004.??.??"]
[SourceDate "2005.03.08"]

1. d4 Nf6 2. c4 g6 3. Nc3 Bg7 4. e4 d6 5. Be2 O-O 6. f4 c5 7. Nf3 cxd4 8. Nxd4
Nc6 9. Be3 Qb6 10. Nc2 Qa5 11. O-O Nd7 12. Nd4 Qb6 13. Ncb5 a6 14. Nf5 Qa5 15.
Nxg7 axb5 16. cxb5 Na7 17. Rc1 Kxg7 18. b4 Qd8 19. Bxa7 b6 20. Qa4 Nf6 21. Bf3
e5 22. Rc6 Qe7 23. Rfc1 Rxa7 24. Qc2 Bd7 25. Rxb6 Rc8 26. Rc6 Bxc6 27. bxc6 Ra6
28. b5 Qa7+ 29. Qf2 Qxf2+ 30. Kxf2 Rxa2+ 31. Ke1 Rb2 32. fxe5 dxe5 33. Rc5 Ne8
34. Rxe5 Nc7 0-1

[Event "15PCR_PF5"]
[Site "?"]
[Date "2004.??.??"]
[Round "?"]
[White "Jakimic, Viktor"]
[Black "Necesany, Zdenek"]
[Result "0-1"]
[WhiteElo "2110"]
[BlackElo "2208"]
[PlyCount "96"]
[EventDate "2004.??.??"]
[SourceDate "2005.03.08"]

1. d4 Nf6 2. c4 g6 3. Nc3 Bg7 4. e4 c5 5. e5 Ng8 6. Nf3 cxd4 7. Qxd4 d6 8. Qd2
dxe5 9. Qxd8+ Kxd8 10. Be3 Nc6 11. c5 Ke8 12. h3 Be6 13. Ng5 Bd7 14. Bc4 Nh6
15. O-O Nd4 16. b4 Rd8 17. Rad1 f6 18. Nge4 Nhf5 19. b5 Be6 20. Bxe6 Nxe6 21.
c6 Rxd1 22. Rxd1 bxc6 23. bxc6 Nfd4 24. Bxd4 exd4 25. Nd5 f5 26. Nd2 Kf7 27. c7
Rc8 28. Re1 h6 29. Nf3 d3 30. Re3 h5 31. Kf1 Bh6 32. Rxd3 Nf4 33. Nxf4 Bxf4 34.
g3 Bd6 35. Ng5+ Kf6 36. Nh7+ Ke5 37. f4+ Ke6 38. Re3+ Kd7 39. Re2 h4 40. Ng5
hxg3 41. Ne6 Bxc7 42. Kg2 Bd6 43. Kxg3 Ke8 44. h4 Rc4 45. Rf2 Kf7 46. Ng5+ Kf6
47. Nh7+ Kg7 48. Ng5 a5 0-1

[Event "15PCR_PF5"]
[Site "?"]
[Date "2004.??.??"]
[Round "?"]
[White "Jakimic, Viktor"]
[Black "Postl, Rostislav"]
[Result "0-1"]
[WhiteElo "2110"]
[BlackElo "2309"]
[PlyCount "123"]
[EventDate "2004.??.??"]
[SourceDate "2005.03.08"]

1. d4 d5 2. c4 dxc4 3. Nf3 Nf6 4. e3 e6 5. Bxc4 Be7 6. O-O O-O 7. Nc3 c5 8.
dxc5 Bxc5 9. a3 b6 10. b4 Be7 11. Bb2 Bb7 12. Qe2 Nbd7 13. Ba6 Bxa6 14. Qxa6
Qc8 15. Qe2 a5 16. b5 Qb7 17. Nd4 Rac8 18. Nc6 Nb8 19. Nxe7+ Qxe7 20. Na4 Nbd7
21. Bxf6 Qxf6 22. Rad1 Rcd8 23. Rd6 Ne5 24. Rxd8 Qxd8 25. f4 Nd7 26. Qd2 Qe7
27. Qd4 h6 28. Qc3 Qd6 29. Nb2 Qd5 30. a4 Nc5 31. Rd1 Qa2 32. Qd4 Qb3 33. Rd2
Rb8 34. h3 Rb7 35. Qe5 Rd7 36. Rxd7 Nxd7 37. Qd4 Nc5 38. Kh2 Kh7 39. Kg3 f6 40.
Kf3 Qc2 41. Kg3 Ne4+ 42. Kh2 Nd2 43. Qd3+ Qxd3 44. Nxd3 Nf1+ 45. Kg1 Nxe3 46.
Nc5 e5 47. fxe5 fxe5 48. Kf2 Nc4 49. Ne4 Kg6 50. Kf3 Kf5 51. g4+ Ke6 52. Nc3
Kd6 53. Ke4 Kc5 54. Na2 Nb2 55. Kxe5 Nxa4 56. Kf5 Kc4 57. Kg6 Nc5 58. Kxg7 Kb3
59. Kxh6 a4 60. Kg6 Kxa2 61. Kf5 a3 62. g5 0-1

[Event "15PCR_PF5"]
[Site "?"]
[Date "2004.??.??"]
[Round "?"]
[White "Jakimic, Viktor"]
[Black "Trs, Jan"]
[Result "1/2-1/2"]
[WhiteElo "2110"]
[BlackElo "2145"]
[PlyCount "43"]
[EventDate "2004.??.??"]
[SourceDate "2005.03.08"]

1. d4 Nf6 2. c4 g6 3. Nc3 d5 4. cxd5 Nxd5 5. e4 Nxc3 6. bxc3 Bg7 7. Bc4 c5 8.
Ne2 O-O 9. O-O Nc6 10. Be3 Bg4 11. f3 Bd7 12. dxc5 Qc7 13. f4 Rfd8 14. Qe1 Na5
15. Bd3 Be6 16. Bd4 Bc4 17. Rf3 Bxd3 18. Rxd3 Qc6 19. e5 Rd7 20. Ng3 Rad8 21.
Rad1 Qa6 22. f5 1/2-1/2

[Event "15PCR_PF5"]
[Site "?"]
[Date "2004.??.??"]
[Round "?"]
[White "Kuta, Jiri"]
[Black "Bernard, Roman"]
[Result "1-0"]
[WhiteElo "2322"]
[BlackElo "2000"]
[PlyCount "45"]
[EventDate "2004.??.??"]
[SourceDate "2005.03.08"]

1. e4 e5 2. Nf3 Nc6 3. Bb5 a6 4. Ba4 Nf6 5. O-O Be7 6. Re1 b5 7. Bb3 d6 8. c3
O-O 9. h3 Na5 10. Bc2 c5 11. d4 Qc7 12. Nbd2 cxd4 13. cxd4 Bb7 14. d5 Rac8 15.
Bd3 Nd7 16. Nf1 f5 17. Ng3 fxe4 18. Bxe4 Nc4 19. Bf5 Kh8 20. Be6 Rce8 21. b3
Ncb6 22. Ne4 Nc5 23. Nfg5 {Bernard vystoupil!} 1-0

[Event "15PCR_PF5"]
[Site "?"]
[Date "2004.??.??"]
[Round "?"]
[White "Kuta, Jiri"]
[Black "Jakimic, Viktor"]
[Result "1/2-1/2"]
[WhiteElo "2322"]
[BlackElo "2110"]
[PlyCount "66"]
[EventDate "2004.??.??"]
[SourceDate "2005.03.08"]

1. e4 c5 2. Nf3 Nc6 3. d4 cxd4 4. Nxd4 g6 5. c4 Bg7 6. Be3 Nf6 7. Nc3 O-O 8.
Be2 d6 9. O-O Bd7 10. Qd2 Nxd4 11. Bxd4 Bc6 12. f3 Nd7 13. Be3 a5 14. b3 Nc5
15. Rab1 Qb6 16. Rfc1 Rfc8 17. Rc2 Qd8 18. Bf1 Be5 19. Nd1 Bd7 20. Nf2 Qc7 21.
Rd1 Bg7 22. Be2 Rab8 23. Rcc1 b6 24. Bg5 Bc6 25. Ng4 Ne6 26. Nh6+ Kf8 27. Be3
Qb7 28. Ng4 h5 29. Nf2 Kg8 30. Nd3 Rd8 31. Bf1 Qc7 32. Qf2 Kh7 33. Kh1 Bf6
1/2-1/2

[Event "15PCR_PF5"]
[Site "?"]
[Date "2004.??.??"]
[Round "?"]
[White "Kuta, Jiri"]
[Black "Necesany, Zdenek"]
[Result "1-0"]
[WhiteElo "2322"]
[BlackElo "2208"]
[PlyCount "83"]
[EventDate "2004.??.??"]
[SourceDate "2005.03.08"]

1. e4 e5 2. Nf3 Nc6 3. Bb5 a6 4. Ba4 Nf6 5. O-O Nxe4 6. d4 b5 7. Bb3 d5 8. dxe5
Be6 9. Be3 Be7 10. c3 O-O 11. Nbd2 Qd7 12. Re1 Rad8 13. Bc2 Bf5 14. Qb1 Nxd2
15. Bxd2 Bxc2 16. Qxc2 Rde8 17. Rad1 Nd8 18. Bg5 c6 19. Bxe7 Qxe7 20. Nd4 Qd7
21. b4 Ne6 22. g3 Ra8 23. Nb3 Ng5 24. Re3 Rfe8 25. h4 Ne6 26. f4 Nf8 27. Rde1
Qc7 28. Kh2 Rad8 29. Qf2 Nd7 30. Qe2 Kh8 31. h5 Nb6 32. h6 g6 33. Qg4 Nc4 34.
R3e2 Kg8 35. Nd4 Rc8 36. f5 c5 37. bxc5 Qxc5 38. e6 Qf8 39. exf7+ Qxf7 40. fxg6
hxg6 41. Ne6 Nd6 42. Ng5 1-0

[Event "15PCR_PF5"]
[Site "?"]
[Date "2004.??.??"]
[Round "?"]
[White "Kuta, Jiri"]
[Black "Postl, Rostislav"]
[Result "1/2-1/2"]
[WhiteElo "2322"]
[BlackElo "2309"]
[PlyCount "120"]
[EventDate "2004.??.??"]
[SourceDate "2005.03.08"]

1. e4 e5 2. Nf3 Nc6 3. Bb5 a6 4. Ba4 Nf6 5. O-O Be7 6. Re1 b5 7. Bb3 d6 8. c3
O-O 9. h3 Na5 10. Bc2 c5 11. d4 Qc7 12. Nbd2 cxd4 13. cxd4 Bb7 14. d5 Rac8 15.
Bb1 Nh5 16. Nf1 Nf4 17. Bxf4 exf4 18. Bd3 Bf6 19. Rb1 Nc4 20. Bxc4 bxc4 21.
N1d2 Qc5 22. Rc1 Qb5 23. b3 c3 24. Nc4 Qc5 25. Rc2 a5 26. Qc1 Ba6 27. e5 dxe5
28. Nfxe5 Bxe5 29. Nxe5 Bb7 30. Rd1 Rfd8 31. Rd3 Qe7 32. Qxf4 Rxd5 33. Re3 Qf8
34. Rexc3 Re8 35. Re3 Bc8 36. Rc7 Be6 37. Nc6 h6 38. Ra7 Rc5 39. Nd4 Bc8 40. a3
Rxe3 41. fxe3 Qe8 42. Kh2 Be6 43. Rb7 Bc8 44. Rc7 Rg5 45. e4 Be6 46. b4 Kh7 47.
Nxe6 fxe6 48. Rc5 e5 49. Qf3 axb4 50. axb4 Qd7 51. b5 Rg6 52. Rc6 Rxc6 53. bxc6
Qxc6 54. Qf5+ Kg8 55. Qxe5 Qc1 56. Qf5 Qe1 57. e5 Qe3 58. e6 Qe1 59. g4 Qe2+
60. Kg3 Qe1+ 1/2-1/2

[Event "15PCR_PF5"]
[Site "?"]
[Date "2004.??.??"]
[Round "?"]
[White "Kuta, Jiri"]
[Black "Rychtecky, Pavel"]
[Result "1-0"]
[WhiteElo "2322"]
[BlackElo "2201"]
[PlyCount "51"]
[EventDate "2004.??.??"]
[SourceDate "2005.03.08"]

1. e4 e5 2. Nf3 Nf6 3. d4 exd4 4. e5 Ne4 5. Qxd4 d5 6. exd6 Nxd6 7. Nc3 Nc6 8.
Qf4 g6 9. Be3 Bg7 10. O-O-O Bxc3 11. bxc3 Be6 12. Ng5 Bxa2 13. Bb5 f6 14. Qa4
Kf8 15. Ne4 Be6 16. Nc5 Qc8 17. Bh6+ Kg8 18. Rhe1 Bf7 19. Rxd6 cxd6 20. Ne4 Qf5
21. Bxc6 d5 22. Bd7 Qe5 23. f4 Qxf4+ 24. Bxf4 dxe4 25. Bh6 e3 26. Qd4 1-0

[Event "15PCR_PF5"]
[Site "?"]
[Date "2004.??.??"]
[Round "?"]
[White "Kuta, Jiri"]
[Black "Valenta, Josef"]
[Result "1-0"]
[WhiteElo "2322"]
[BlackElo "2110"]
[PlyCount "59"]
[EventDate "2004.??.??"]
[SourceDate "2005.03.08"]

1. e4 e5 2. Nf3 Nf6 3. Nxe5 d6 4. Nf3 Nxe4 5. d4 d5 6. Bd3 Be7 7. O-O Nc6 8. c4
Bg4 9. Nc3 Nxc3 10. bxc3 O-O 11. Re1 dxc4 12. Bxc4 a6 13. Bf4 h6 14. Qd3 Bh5
15. Ne5 Nxe5 16. Bxe5 Bh4 17. g3 b5 18. Bb3 Bg5 19. f4 Bf6 20. Qf5 Bxe5 21.
Rxe5 Bf3 22. Rae1 Qc8 23. Qd3 Qg4 24. Bc2 f5 25. Bb3+ Kh7 26. Be6 g6 27. R1e3
Bd1 28. Bd5 c6 29. Re7+ Kh8 30. Bxc6 1-0

[Event "15PCR_PF5"]
[Site "?"]
[Date "2004.??.??"]
[Round "?"]
[White "Necesany, Zdenek"]
[Black "Bernard, Roman"]
[Result "1-0"]
[WhiteElo "2208"]
[BlackElo "2000"]
[PlyCount "43"]
[EventDate "2004.??.??"]
[SourceDate "2005.03.08"]

{Bernard vystoupil!} 1. c4 e5 2. Nc3 Nc6 3. g3 Nf6 4. Bg2 Bc5 5. Nf3 O-O 6. d3
d6 7. O-O Re8 8. Bg5 h6 9. Bxf6 Qxf6 10. Ne4 Qg6 11. Nxc5 dxc5 12. Nd2 Nd4 13.
e3 Ne6 14. Be4 Qf6 15. h4 Nf8 16. Qh5 Qb6 17. g4 Qxb2 18. Rfd1 a5 19. g5 Ra6
20. a4 Rd6 21. Bd5 Rg6 22. Ne4 1-0

[Event "15PCR_PF5"]
[Site "?"]
[Date "2004.??.??"]
[Round "?"]
[White "Necesany, Zdenek"]
[Black "Jakimic, Viktor"]
[Result "1-0"]
[WhiteElo "2208"]
[BlackElo "2110"]
[PlyCount "103"]
[EventDate "2004.??.??"]
[SourceDate "2005.03.08"]

1. d4 d5 2. c4 c6 3. Nf3 Nf6 4. Nc3 e6 5. e3 Nbd7 6. Bd3 Bd6 7. O-O O-O 8. e4
dxe4 9. Nxe4 Nxe4 10. Bxe4 h6 11. Bc2 e5 12. b3 Re8 13. Re1 exd4 14. Rxe8+ Qxe8
15. Qxd4 Bc5 16. Qc3 Qe7 17. Bb2 Nf6 18. a3 Be6 19. b4 Bd6 20. Re1 c5 21. b5
Re8 22. Nd2 Qf8 23. Nf1 Bf4 24. g3 Bc7 25. Ne3 Bd8 26. Qd3 g6 27. b6 a6 28. Ba4
Bf5 29. Qc3 Re6 30. Rd1 Kh7 31. Nxf5 gxf5 32. Bc2 Rxb6 33. Bxf5+ Kg8 34. Qe5
Qe7 35. Ba1 Qxe5 36. Rxd8+ Qe8 37. Bxf6 Qxd8 38. Bxd8 Rb3 39. a4 b5 40. cxb5
axb5 41. axb5 Rxb5 42. Bf6 Rb6 43. Bc3 h5 44. Kf1 Rb3 45. Be5 Kf8 46. Bc2 Rb5
47. Bc3 Ke7 48. Ke2 c4 49. Kf3 Ke6 50. h4 Rd5 51. Kf4 f6 52. f3 1-0

[Event "15PCR_PF5"]
[Site "?"]
[Date "2004.??.??"]
[Round "?"]
[White "Necesany, Zdenek"]
[Black "Kuta, Jiri"]
[Result "1/2-1/2"]
[WhiteElo "2208"]
[BlackElo "2322"]
[PlyCount "89"]
[EventDate "2004.??.??"]
[SourceDate "2005.03.08"]

1. e4 c5 2. Nf3 Nc6 3. d4 cxd4 4. Nxd4 e5 5. Nb5 d6 6. Be3 Nf6 7. f3 a6 8. N5c3
Ne7 9. Bc4 Be6 10. Bxe6 fxe6 11. O-O Nc6 12. Ne2 Be7 13. c4 O-O 14. Nbc3 Rc8
15. b3 b5 16. cxb5 axb5 17. Nxb5 d5 18. a4 d4 19. Bf2 d3 20. Ng3 Nb4 21. Na3
Nc2 22. Nxc2 Rxc2 23. a5 Bb4 24. a6 Qd6 25. a7 Ra8 26. Ra4 Bc5 27. Nh1 Rb2 28.
Qa1 Rxb3 29. Bxc5 Qxc5+ 30. Nf2 d2 31. Ra2 Qe3 32. Rd1 Nd7 33. g3 h5 34. Rdxd2
Rxa7 35. Rxa7 Qxd2 36. Qd1 Qxd1+ 37. Nxd1 Nb8 38. Kg2 Nc6 39. Rc7 Nd4 40. Rc3
Rb1 41. Nf2 Rb2 42. Rc5 Nc2 43. Rc3 Nd4 44. Rc5 Nc2 45. Rc3 1/2-1/2

[Event "15PCR_PF5"]
[Site "?"]
[Date "2004.??.??"]
[Round "?"]
[White "Necesany, Zdenek"]
[Black "Postl, Rostislav"]
[Result "1/2-1/2"]
[WhiteElo "2208"]
[BlackElo "2309"]
[PlyCount "88"]
[EventDate "2004.??.??"]
[SourceDate "2005.03.08"]

1. e4 c5 2. Nf3 d6 3. d4 cxd4 4. Nxd4 Nf6 5. Nc3 a6 6. Bg5 e6 7. f4 Be7 8. Qf3
h6 9. Bh4 Nc6 10. O-O-O Nxd4 11. Rxd4 Qc7 12. Be2 O-O 13. Rhd1 b5 14. e5 dxe5
15. fxe5 Bb7 16. Qg3 Nd5 17. Nxd5 Bxd5 18. Bxe7 Qxe7 19. Rg4 f5 20. exf6 Qxf6
21. Kb1 Ra7 22. Bd3 Rd7 23. b3 Qd8 24. Rd4 Qf6 25. Rg4 Qd8 26. Qe5 Rf2 27. Rf4
Rxf4 28. Qxf4 Qf6 29. Qb8+ Qd8 30. Qf4 Qf6 31. Qg4 Rf7 32. Be4 Qe5 33. Bxd5
exd5 34. h4 Rf2 35. g3 Qf5 36. Qxf5 Rxf5 37. Rd4 Rf3 38. g4 Kf7 39. Rxd5 Rf4
40. Rd7+ Kf8 41. h5 Rxg4 42. Ra7 Rg5 43. Ra8+ Kf7 44. Ra7+ Kg8 1/2-1/2

[Event "15PCR_PF5"]
[Site "?"]
[Date "2004.??.??"]
[Round "?"]
[White "Necesany, Zdenek"]
[Black "Valenta, Josef"]
[Result "1/2-1/2"]
[WhiteElo "2208"]
[BlackElo "2110"]
[PlyCount "103"]
[EventDate "2004.??.??"]
[SourceDate "2005.03.08"]

1. d4 Nf6 2. c4 e6 3. Nc3 Bb4 4. Qc2 b6 5. e4 c5 6. e5 cxd4 7. a3 Bxc3+ 8. bxc3
Ng8 9. cxd4 Bb7 10. Nf3 d6 11. Be2 dxe5 12. dxe5 Qc7 13. O-O Nd7 14. Bb2 Ne7
15. Rad1 Rd8 16. Ng5 h6 17. Ne4 Bxe4 18. Qxe4 O-O 19. Bc3 Ng6 20. f4 Nh4 21.
Bg4 Nc5 22. Qc2 Rxd1 23. Rxd1 Rc8 24. Bb4 Ng6 25. g3 Nf8 26. Bh5 a5 27. Be1
Ncd7 28. Rd4 b5 29. Qd2 bxc4 30. Qxa5 c3 31. Qxc7 Rxc7 32. Rd1 c2 33. Rc1 g5
34. Bd2 gxf4 35. gxf4 f6 36. exf6 Nxf6 37. Be2 Nd5 38. Bd3 Ra7 39. Ra1 Rc7 40.
Kf2 Nd7 41. Re1 Ra7 42. Ra1 Rc7 43. h4 Kf7 44. Re1 h5 45. Rc1 Ra7 46. Ra1 Rc7
47. a4 Nb4 48. Be2 Nd5 49. Bxh5+ Kf6 50. Bf3 Nc5 51. Ra3 Nb4 52. a5 1/2-1/2

[Event "15PCR_PF5"]
[Site "?"]
[Date "2004.??.??"]
[Round "?"]
[White "Postl, Rostislav"]
[Black "Bernard, Roman"]
[Result "1-0"]
[WhiteElo "2309"]
[BlackElo "2000"]
[PlyCount "39"]
[EventDate "2004.??.??"]
[SourceDate "2005.03.08"]

1. e4 e5 2. Nf3 Nc6 3. Bb5 a6 4. Bxc6 dxc6 5. O-O Bg4 6. h3 h5 7. d3 Qf6 8.
Nbd2 g5 9. Qe2 Be6 10. d4 g4 11. Nxe5 gxh3 12. Ndf3 hxg2 13. Rd1 Bd6 14. Bg5
Qg7 15. Nc4 Be7 16. d5 Bg4 17. Bf4 Bxf3 18. Qxf3 Qf6 19. d6 cxd6 20. Nxd6+ {
Bernard vystoupil!} 1-0

[Event "15PCR_PF5"]
[Site "?"]
[Date "2004.??.??"]
[Round "?"]
[White "Postl, Rostislav"]
[Black "Jakimic, Viktor"]
[Result "1-0"]
[WhiteElo "2309"]
[BlackElo "2110"]
[PlyCount "137"]
[EventDate "2004.??.??"]
[SourceDate "2005.03.08"]

1. e4 c5 2. Nf3 Nc6 3. Bb5 g6 4. O-O Bg7 5. c3 Nf6 6. e5 Nd5 7. d4 cxd4 8. cxd4
O-O 9. Nc3 Nc7 10. Bg5 h6 11. Bh4 Nxb5 12. Nxb5 a6 13. Nd6 g5 14. Bxg5 hxg5 15.
Nxg5 f6 16. exf6 Rxf6 17. Qh5 exd6 18. Rfe1 Re6 19. Qf7+ Kh8 20. Qf5 Kg8 21.
Re3 Qf6 22. Qh7+ Kf8 23. Rf3 Qxf3 24. Nxf3 Nxd4 25. Ng5 Re7 26. Qh4 b5 27. Nh7+
Kf7 28. Qh5+ Kg8 29. Qd5+ Kxh7 30. Qxa8 Re8 31. Rd1 Nc6 32. b3 Bd4 33. g4 Be5
34. h4 b4 35. f3 Bg3 36. Kg2 Bf4 37. Kf2 Kg7 38. h5 Rf8 39. Rd5 Be5 40. Ke2 Kf6
41. f4 Ke6 42. Rd1 Bxf4 43. Rf1 Ke5 44. g5 Re8 45. Kd1 Kf5 46. g6 Kg5 47. g7
Kh6 48. Rf2 Kxg7 49. Rxf4 d5 50. Kd2 d4 51. Rf5 Kh6 52. Rd5 Kh7 53. Rd6 Rg8 54.
Rg6 Rf8 55. Ke1 a5 56. Kd2 Rd8 57. Rd6 Rg8 58. Kc2 Re8 59. Kd2 Rg8 60. Rg6 Rf8
61. Kc2 Rd8 62. Kb2 Rf8 63. a3 bxa3+ 64. Kxa3 Rd8 65. Kb2 Rf8 66. Rg1 Kh6 67.
Kc1 Kh7 68. h6 Rh8 69. b4 1-0

[Event "15PCR_PF5"]
[Site "?"]
[Date "2004.??.??"]
[Round "?"]
[White "Postl, Rostislav"]
[Black "Kuta, Jiri"]
[Result "1/2-1/2"]
[WhiteElo "2309"]
[BlackElo "2322"]
[PlyCount "110"]
[EventDate "2004.??.??"]
[SourceDate "2005.03.08"]

1. e4 c5 2. Nf3 Nc6 3. Bc4 e6 4. O-O a6 5. Nc3 b5 6. Bd5 Nge7 7. Bxc6 Nxc6 8.
d4 cxd4 9. Nxd4 Bb7 10. Nxc6 Bxc6 11. Re1 Bc5 12. Qh5 d6 13. Be3 Bxe3 14. Rxe3
b4 15. Nd5 Rb8 16. Rd1 Rb5 17. Qe2 a5 18. c4 Rc5 19. b3 O-O 20. Nf4 Qc7 21. Qd2
Rd8 22. e5 d5 23. Nh5 Kh8 24. Rh3 Qxe5 25. Re1 Qxe1+ 26. Qxe1 dxc4 27. Nf4 Rf5
28. Nxe6 fxe6 29. bxc4 Rc5 30. f3 Rxc4 31. Qxe6 Rc1+ 32. Kf2 Rd2+ 33. Kg3 Bd7
34. Qf7 h6 35. Rh5 Rg1 36. Rd5 Rgxg2+ 37. Kf4 Rxd5 38. Qxd5 Be8 39. Qa8 Re2 40.
Kg3 Kh7 41. Qxa5 Bf7 42. Qf5+ Bg6 43. Qd5 Rb2 44. Qc4 Kh8 45. Qe6 Bh7 46. f4
Bg8 47. Qe7 Rxa2 48. Qxb4 Ra6 49. Qb8 Rf6 50. h4 Kh7 51. Qb1+ Kh8 52. Qb5 Kh7
53. f5 Bf7 54. Kg4 Bg8 55. Qd3 Bf7 1/2-1/2

[Event "15PCR_PF5"]
[Site "?"]
[Date "2004.??.??"]
[Round "?"]
[White "Postl, Rostislav"]
[Black "Necesany, Zdenek"]
[Result "1-0"]
[WhiteElo "2309"]
[BlackElo "2208"]
[PlyCount "65"]
[EventDate "2004.??.??"]
[SourceDate "2005.03.08"]

1. e4 e5 2. Nf3 Nc6 3. Bb5 a6 4. Ba4 Nf6 5. O-O Nxe4 6. d4 b5 7. Bb3 d5 8. dxe5
Be6 9. c3 Be7 10. Nbd2 O-O 11. Bc2 f5 12. Nb3 Qd7 13. Nbd4 Nxd4 14. Nxd4 c5 15.
Nxe6 Qxe6 16. f3 Ng5 17. Bxg5 Bxg5 18. f4 Bd8 19. a4 Bb6 20. axb5 c4+ 21. Kh1
a5 22. Qf3 Rac8 23. Rad1 Rc5 24. b3 Rxb5 25. bxc4 dxc4 26. Rd6 Qf7 27. Rfd1 Bc5
28. Rd7 Be7 29. g4 Rb2 30. Bxf5 a4 31. Qc6 Kh8 32. Qc7 Qg8 33. Rxe7 1-0

[Event "15PCR_PF5"]
[Site "?"]
[Date "2004.??.??"]
[Round "?"]
[White "Postl, Rostislav"]
[Black "Trs, Jan"]
[Result "1-0"]
[WhiteElo "2309"]
[BlackElo "2145"]
[PlyCount "119"]
[EventDate "2004.??.??"]
[SourceDate "2005.03.08"]

1. e4 c5 2. Nf3 d6 3. d4 cxd4 4. Nxd4 Nf6 5. Nc3 e6 6. Be2 a6 7. O-O Be7 8. Qd3
Nc6 9. Nxc6 bxc6 10. Qg3 O-O 11. Rd1 e5 12. Rb1 Be6 13. f4 exf4 14. Bxf4 Ne8
15. Kh1 f5 16. e5 d5 17. Na4 g5 18. Bd2 f4 19. Qc3 Qc7 20. Nc5 Bxc5 21. Qxc5
Qxe5 22. Re1 Qd6 23. Bb4 Qxc5 24. Bxc5 Rf7 25. Bh5 Rf6 26. Be7 Bf7 27. Bxf6
Nxf6 28. Bf3 Kf8 29. Re5 Re8 30. Rbe1 h6 31. Rxe8+ Nxe8 32. a4 c5 33. Kg1 c4
34. b4 Nc7 35. c3 Be8 36. Re5 Bc6 37. h4 g4 38. Rf5+ Ke7 39. Bd1 Be8 40. Rxf4
h5 41. Kf2 Ne6 42. Rf5 Nc7 43. Rg5 Kd6 44. Bc2 Ne6 45. Rg8 Bf7 46. Ra8 Nc7 47.
Rh8 Be8 48. g3 Ke5 49. Ke3 Kd6 50. Rh6+ Ke5 51. a5 Bf7 52. Kd2 Be8 53. Bg6 Bxg6
54. Rxg6 Ke4 55. Rc6 Nb5 56. Rxa6 d4 57. Rh6 Nxc3 58. a6 Nb5 59. Rxh5 c3+ 60.
Kd1 1-0

[Event "15PCR_PF5"]
[Site "?"]
[Date "2004.??.??"]
[Round "?"]
[White "Postl, Rostislav"]
[Black "Valenta, Josef"]
[Result "1-0"]
[WhiteElo "2309"]
[BlackElo "2110"]
[PlyCount "95"]
[EventDate "2004.??.??"]
[SourceDate "2005.03.08"]

1. e4 e5 2. Nf3 Nf6 3. Nxe5 d6 4. Nf3 Nxe4 5. d4 d5 6. Bd3 Be7 7. O-O Nc6 8. c4
Bg4 9. Re1 Nf6 10. cxd5 Nxd5 11. Nc3 O-O 12. Be4 Be6 13. Qc2 h6 14. Bh7+ Kh8
15. Bf5 Bb4 16. Bd2 Qd7 17. Bxe6 fxe6 18. Qd3 Rae8 19. Rad1 Rd8 20. a3 Be7 21.
b4 a6 22. Ne4 Bd6 23. Nh4 Qf7 24. Nxd6 Qxf2+ 25. Kh1 Nde7 26. Nf3 Rxd6 27. Qe4
Rf6 28. Rf1 Rxd4 29. Qb1 Rxf3 30. Rxf2 Rxf2 31. Be3 Rxd1+ 32. Qxd1 Ra2 33. h3
Rxa3 34. Bc5 Nd5 35. Qg4 Ne3 36. Qxe6 Ra1+ 37. Kh2 Nf1+ 38. Kg1 Ng3+ 39. Kf2
Nh1+ 40. Ke2 Ng3+ 41. Kd2 Kh7 42. Qd5 Kh8 43. Qe6 Kh7 44. Kc2 Rf1 45. Qe3 Nf5
46. Qd3 Rf2+ 47. Kc3 Rf4 48. g4 1-0

[Event "15PCR_PF5"]
[Site "?"]
[Date "2004.??.??"]
[Round "?"]
[White "Rychtecky, Pavel"]
[Black "Valenta, Josef"]
[Result "1-0"]
[WhiteElo "2201"]
[BlackElo "2110"]
[PlyCount "67"]
[EventDate "2004.??.??"]
[SourceDate "2005.03.08"]

1. d4 Nf6 2. c4 e6 3. Nc3 Bb4 4. e3 O-O 5. Nf3 b6 6. Bd3 d5 7. O-O c5 8. cxd5
exd5 9. Ne5 Ba6 10. Bxa6 Nxa6 11. Ne2 Qd6 12. b3 Ne4 13. a3 Ba5 14. Qd3 Nc7 15.
Bb2 f6 16. Nf3 Qd7 17. Rac1 Rfd8 18. Rfd1 Rac8 19. Nh4 Qg4 20. g3 Qg5 21. Nf4
Re8 22. f3 Nd6 23. dxc5 bxc5 24. Nxd5 Nxd5 25. Qxd5+ Qxd5 26. Rxd5 Red8 27. e4
Rb8 28. b4 Ne8 29. bxa5 Rxd5 30. exd5 Rxb2 31. Nf5 Kf8 32. Rxc5 Rd2 33. h3 g6
34. Ne3 1-0